Emilio Betti: continuità e imperium nella storia constituzionale romana
Guardat en:
| Autor principal: | |
|---|---|
| Format: | Llibre |
| Idioma: | italià |
| Publicat: |
Florencia
Le Lettere
2007
|
| Edició: | 1a. ed |
| Col·lecció: | Bibliotheca
|
| Matèries: | |
| Etiquetes: |
Afegir etiqueta
Sense etiquetes, Sigues el primer a etiquetar aquest registre!
|
MARC
| LEADER | 00000cam a2200000 a 4500 | ||
|---|---|---|---|
| 001 | UCD8873 | ||
| 003 | CL-VaPUC | ||
| 008 | 170527e20070000it |||||||||||||||||ita|d | ||
| 020 | |a 8860870887 | ||
| 082 | 0 | 4 | |a 340.54 |b FAN |2 21 |
| 100 | 0 | |a Fanizza, Lucia |e author |9 592436 | |
| 245 | 1 | 0 | |a Emilio Betti: continuità e imperium nella storia constituzionale romana |
| 250 | |a 1a. ed | ||
| 300 | |a 150 p | ||
| 942 | |c BK | ||
| 945 | |d 20170527 00:32:00 |a arojas | ||
| 260 | |a Florencia |b Le Lettere |c 2007 | ||
| 650 | 0 | |a Derecho romano |9 255930 | |
| 650 | 0 | |a Derecho constitucional |9 222588 | |
| 583 | |a last modification |c 20170527 00:32:00 |k Rodrigo Vera | ||
| 490 | 0 | |a Bibliotheca | |
| 999 | |c 368181 |d 368179 | ||
| 952 | |0 0 |1 0 |3 erb |4 0 |6 340_540000000000000_FAN_2007 |7 0 |8 A |9 483452 |a FDOLAF |b FDOLAF |e Laffi, Umberto, 1939- |i 5391563 |o 340.54 FAN 2007 |p 5391563 |r 2024-01-30 |w 2019-11-24 |y BK |z Catalogado en:20170527 |k LAF | ||